Commonwealth Games Countries & Territories - Statistics

General Stats
  • This quiz has been taken 177 times
  • The average score is 57 of 72
Answer Stats
Region Answer % Correct
Oceania Australia
97%
Americas Bahamas
94%
Oceania New Zealand
93%
Caribbean Barbados
92%
Americas Canada
92%
Caribbean Jamaica
92%
Oceania Tonga
91%
Asia India
90%
Europe Scotland
90%
Europe Wales
90%
Caribbean Antigua and Barbuda
89%
Europe England
89%
Africa Nigeria
89%
Asia Pakistan
89%
Caribbean Trinidad and Tobago
89%
Africa Zambia
89%
Europe Northern Ireland
88%
Africa South Africa
88%
Oceania Fiji
86%
Africa Kenya
86%
Caribbean Saint Kitts and Nevis
86%
Oceania Samoa
85%
Caribbean Saint Lucia
84%
Asia Sri Lanka
84%
Africa Uganda
84%
Africa Eswatini
82%
Oceania Nauru
82%
Caribbean Saint Vincent and the Grenadines
82%
Oceania Tuvalu
82%
Americas Belize
81%
Caribbean Dominica
80%
Africa Ghana
80%
Africa Lesotho
80%
Africa Malawi
80%
Africa Rwanda
80%
Oceania Solomon Islands
80%
Africa Botswana
79%
Caribbean Grenada
79%
Oceania Kiribati
79%
Asia Malaysia
79%
Asia Singapore
79%
Asia Bangladesh
78%
Europe Malta
78%
Oceania Papua New Guinea
78%
Africa Seychelles
78%
Oceania Vanuatu
78%
Europe Isle of Man
77%
Europe Cyprus
76%
Europe Jersey
76%
Africa Tanzania
76%
Africa The Gambia
76%
Europe Guernsey
75%
Americas Guyana
75%
Asia Maldives
75%
Africa Namibia
74%
Africa Cameroon
73%
Africa Mauritius
73%
Americas Bermuda
72%
Africa Sierra Leone
72%
Americas Falkland Islands
70%
Europe Gibraltar
70%
Caribbean British Virgin Islands
69%
Asia Brunei
69%
Caribbean Cayman Islands
67%
Africa Mozambique
66%
Caribbean Anguilla
63%
Oceania Cook Islands
59%
Caribbean Montserrat
57%
Oceania Niue
56%
Americas Saint Helena
51%
Caribbean Turks and Caicos Islands
47%
Oceania Norfolk Island
40%
No matching quizzes found
Score Distribution
Percent of People with Each Score
Percentile by Number Answered
Your Score History
You have not taken this quiz